000
00465nam a2200169Ia 4500
008
090711s9999 xx 000 0 und d
082
_b
865
100
_a
कोटक वजु
245
_a
कठपुतली
260
_b
प्रविण प्रकाशन
_c
1996
300
_a
218
600
_a
कोटक वजु
630
_a
कठपुतली
700
_a
कोटक वजु
730
_a
कठपुतली
942
_c
BOOK
999
_c
324375
_d
324375